| 000 | 00367nam a2200157Ia 4500 | ||
|---|---|---|---|
| 003 | GCL | ||
| 008 | 140319s9999 xx 000 0 eng d | ||
| 040 |
_aGCL / _cGCL |
||
| 082 | 0 | 4 |
_a952 _bW K |
| 100 | 1 | _aWADA, KUNIKEI | |
| 245 | 1 | 0 |
_aKATSURA: IMPERIAL VILLA / _cWADA, KUNIKEI |
| 260 |
_a[S.N] : _bHOIKUSHA |
||
| 650 | 0 | 4 | _aASIA |
| 650 | 0 | 4 | _aJAPAN |
| 942 |
_2ddc _cBK |
||
| 999 |
_c19675 _d19675 |
||